000
00314nam a2200109Ia 4500
008
171211s9999 xx 000 0 und d
245
_a
Drawing the Draped Figure
245
_c
George B. Bridgman
260
_c
2012
650
_x
Drawing
856
_u
http://down.ebook777.com/001/Drawing%20the%20Draped%20Figure.epub
999
_c
348048
_d
348048